EPIC: The Musical - Lyrics Sort #21 - Suffering - Statistics

General Stats
  • This quiz has been taken 107 times
  • The average score is 25 of 45
Answer Stats
Hint Answer % Correct
Line 3 Don't you miss me?
98%
Line 4 More than you know
89%
Line 2 Penelope [2]
89%
Line 5 Then jump in the water and kiss me
89%
Line 9 Come play with me and our daughter
87%
Line 1 Penelope [1]
87%
Line 6 Penelope, I've told you this before
87%
Line 7 You know I'm afraid of the water
87%
Line 8 I'll make sure that you are safe and sound
85%
Line 10 And let's watch our love leave the ground
83%
Line 12 But I'd be suffering trying to float the whole time
81%
Line 11 Oh, I would
77%
Line 14 Ooh, as good as that sounds, right here I'm just fine
55%
Line 28 He will chase you high and low
49%
Line 19 Of course
49%
Line 39 Penelope, why?
49%
Line 40 You know I'm too shy and terrified
49%
Line 22 And let's say he blocked the way home
47%
Line 18 Fine, but only if you answer a question or two
47%
Line 21 From, I don't know, Poseidon
47%
Line 24 How am I to evade him?
47%
Line 31 Is sailing where he's scared to roam, oh
47%
Line 38 Now jump in the water!
47%
Line 20 Okay, so let's say I was on the run or hiding
47%
Line 29 So find a place he'd never go
47%
Line 37 Well, you asked and now you know
47%
Line 27 Where am I supposed to go?
47%
Line 23 With giants waves and giant storms (oh, no)
47%
Line 32 It's through the lair of Scylla
45%
Line 33 No
45%
Line 35 The lair of Scylla
45%
Line 30 The one way you'll get home
45%
Line 34 This is your only way home
45%
Line 26 Which route should I take?
43%
Line 16 You know that I prefer my feet on the ground
43%
Line 36 But Scylla has a cost
40%
Line 25 How am I to get home?
40%
Line 13 I would take the suffering from you [1]
38%
Line 17 I will take the suffering from you [1]
36%
Line 42 You should come onto the ship
36%
Line 43 We'll jump at the same time
34%
Line 45 Ah, the things I do for you
32%
Line 15 I can take the suffering from you
32%
Line 44 I will take the suffering from you [2]
26%
Line 41 I would take the suffering from you [2]
26%
No matching quizzes found
Score Distribution
Percent of People with Each Score
Percentile by Number Answered
Your Score History
You have not taken this quiz